00514nam a2200145Ia 4500008004100000082001700041100003000058245002700088260004200115300001000157600001500167942000700182952016200189999001700351250527s9999 xx 000 0 und d a891.4391 AMR aAmrohvi, Khurshid Khawar  0aKhayal E Rukh E Roshan aKarachi:bBazm e tazeen e Adab,c1997 a224p. aLiterature cGB 00104070aUITUbUITUcGIFd2025-05-27eGifted by Ms. Nasreen Naqvil0o891.4391 AMRpG124r2025-05-27 11:52:22w2025-05-27yGBzGifted by Ms. Nasreen Naqvi c31290d31290